[Event "French Top 12 2013"]
[Site "Haguenau FRA"]
[Date "2013.06.03"]
[Round "5.6"]
[White "Terrieux, Kevin"]
[Black "Llanes Hurtado, Miguel"]
[Result "1/2-1/2"]
[WhiteTitle "IM"]
[BlackTitle "GM"]
[WhiteElo "2427"]
[BlackElo "2469"]
[WhiteTeam "Club d'Echecs Metz Fischer"]
[BlackTeam "Grasse Echecs"]
[WhiteFideId "622591"]
[BlackFideId "2206706"]
[EventDate "2013.05.30"]

1. d4 Nf6 2. c4 e6 3. Nc3 Bb4 4. Qc2 O-O 5. e4 d5 6. e5 Ne4 7. a3 Bxc3+ 8. bxc3
c5 9. Bb2 cxd4 10. cxd4 Bd7 11. Ne2 Qa5+ 12. Nc3 Nc6 13. Rd1 f6 14. f3 fxe5 15.
fxe4 exd4 16. cxd5 exd5 17. Qb3 dxc3 18. Bxc3 Qc5 19. Qxd5+ Qxd5 20. Rxd5 Be6 1/2-1/2

[Event "French Top 12 2013"]
[Site "Haguenau FRA"]
[Date "2013.06.03"]
[Round "5.7"]
[White "Battaglini, Gabriel"]
[Black "Neiman, Emmanuel"]
[Result "1-0"]
[WhiteTitle "IM"]
[BlackTitle "FM"]
[WhiteElo "2437"]
[BlackElo "2338"]
[WhiteTeam "Grasse Echecs"]
[BlackTeam "Club d'Echecs Metz Fischer"]
[WhiteFideId "621650"]
[BlackFideId "601616"]
[EventDate "2013.05.30"]

1. d4 d6 2. e4 Nf6 3. Nc3 g6 4. h3 Bg7 5. Be3 c6 6. Nf3 O-O 7. Qd2 b5 8. Bd3
Nbd7 9. a4 b4 10. Ne2 c5 11. c3 bxc3 12. bxc3 Qa5 13. O-O Ba6 14. Bxa6 Qxa6 15.
Ng3 Rfe8 16. Bh6 cxd4 17. cxd4 e5 18. dxe5 dxe5 19. Rad1 Rac8 20. Qg5 Re6 21.
Bxg7 Kxg7 22. Nf5+ Kh8 23. Qh6 gxf5 24. Ng5 Nf8 25. exf5 Rb6 26. Nxf7+ Kg8 27.
Nxe5 Qb7 28. a5 Ra6 29. Rd3 Ne4 30. Qf4 Rxa5 31. Re1 Kh8 1-0

[Event "French Top 12 2013"]
[Site "Haguenau FRA"]
[Date "2013.06.03"]
[Round "5.8"]
[White "Monpeurt, Cyrielle"]
[Black "Forestier, Carole"]
[Result "1-0"]
[WhiteElo "2033"]
[BlackElo "2104"]
[WhiteTeam "Club d'Echecs Metz Fischer"]
[BlackTeam "Grasse Echecs"]
[WhiteFideId "677400"]
[BlackFideId "641405"]
[EventDate "2013.05.30"]

1. e4 e6 2. d4 d5 3. Nc3 Nf6 4. Bg5 dxe4 5. Nxe4 Be7 6. Bxf6 gxf6 7. Nf3 a6 8.
Bd3 b5 9. O-O Bb7 10. c3 Bd5 11. Qe2 c6 12. a4 f5 13. Ned2 Nd7 14. b3 Nf6 15.
Ne5 Rg8 16. g3 bxa4 17. Rxa4 c5 18. Bxa6 Ne4 19. Nxe4 Bxe4 20. f3 Bd5 21. c4
Rxa6 22. Rxa6 Bb7 23. Ra2 Qxd4+ 24. Kg2 Bd6 25. Re1 f4 26. Rd2 Qxe5 27. Qxe5
Bxe5 28. Rxe5 fxg3 29. hxg3 Ke7 30. Rxc5 Kf6 31. Rc7 Ba8 32. b4 h5 33. Kf2 e5
34. Rd6+ Kg5 35. Rxf7 e4 36. fxe4 Bxe4 37. b5 Bg6 38. Re7 Kg4 39. b6 Kh3 40. b7
Rf8+ 41. Ke2 Bf5 42. Rb6 Bg4+ 43. Ke3 Rb8 44. Ra6 Bc8 45. bxc8=Q+ Rxc8 46. Kd4
Kxg3 47. Rh6 Rd8+ 48. Kc3 Rd1 49. Rxh5 1-0

[Event "French Top 12 2013"]
[Site "Haguenau FRA"]
[Date "2013.06.03"]
[Round "5.2"]
[White "Edouard, Romain"]
[Black "Van Wely, Loek"]
[Result "0-1"]
[WhiteTitle "GM"]
[BlackTitle "GM"]
[WhiteElo "2659"]
[BlackElo "2689"]
[WhiteTeam "L'Echiquier Chalonnais"]
[BlackTeam "Clichy-Echecs-92"]
[WhiteFideId "633429"]
[BlackFideId "1000268"]
[EventDate "2013.05.30"]

1. e4 c5 2. Nf3 e6 3. Nc3 a6 4. d4 cxd4 5. Nxd4 Qc7 6. Bd3 Nf6 7. f4 d6 8. Qf3
b5 9. g4 Bb7 10. g5 Nfd7 11. a3 Nc6 12. Nxc6 Bxc6 13. h4 g6 14. h5 Bg7 15. Bd2
Nc5 16. h6 Bd4 17. O-O-O O-O 18. Ne2 Nb3+ 19. Kb1 Nxd2+ 20. Rxd2 Bh8 21. Qe3
Rfb8 22. Re1 b4 23. axb4 Rxb4 24. c3 Rb6 25. f5 exf5 26. exf5 Be5 27. Be4 Rab8
28. Bxc6 Rxc6 29. Rc2 Rc4 30. Qf3 Ra4 31. fxg6 hxg6 32. Rf1 Qc4 33. Nc1 Bf4 34.
Rg1 Ra5 35. b4 Rxg5 36. Rf1 Be5 37. Qd3 Rg4 38. Qxc4 Rxc4 39. Nd3 a5 40. Rcf2 f5
41. Rg2 Kh7 42. Rfg1 Rxc3 43. Nxe5 Rxb4+ 44. Ka2 dxe5 45. Rxg6 Rg4 46. R1xg4
fxg4 47. Rxg4 Kxh6 48. Kb2 Rc5 49. Kb3 Kh5 50. Rg8 Kh4 51. Rg7 Rc1 52. Rg8 Ra1
53. Kb2 Re1 54. Kc2 a4 55. Ra8 Re4 56. Rg8 a3 57. Ra8 Re3 58. Rg8 e4 59. Rg7 Kh3
60. Rg8 Re2+ 61. Kb1 e3 62. Ra8 Re1+ 63. Ka2 Kg2 64. Rf8 Rd1 0-1

[Event "French Top 12 2013"]
[Site "Haguenau FRA"]
[Date "2013.06.03"]
[Round "5.7"]
[White "Tregubov, Pavel V."]
[Black "Dourerassou, Jonathan"]
[Result "0-1"]
[WhiteTitle "GM"]
[BlackTitle "IM"]
[WhiteElo "2611"]
[BlackElo "2464"]
[WhiteTeam "Clichy-Echecs-92"]
[BlackTeam "L'Echiquier Chalonnais"]
[WhiteFideId "4115341"]
[BlackFideId "628050"]
[EventDate "2013.05.30"]

1. d4 Nf6 2. c4 g6 3. g3 Bg7 4. Bg2 d5 5. cxd5 Nxd5 6. Nf3 O-O 7. O-O Nb6 8. Nc3
Nc6 9. d5 Na5 10. e4 c6 11. Bf4 cxd5 12. Nxd5 Nxd5 13. exd5 Nc4 14. Rc1 Nb6 15.
d6 exd6 16. b3 Bg4 17. h3 Be6 18. Bxd6 Re8 19. Re1 Rc8 20. Rxc8 Qxc8 21. Ng5 Rd8
22. Nxe6 fxe6 23. Re2 Qd7 24. Rd2 Bc3 25. Rd3 Bb4 26. Bxb4 Qxd3 27. Qxd3 Rxd3
28. Bxb7 Rd1+ 29. Kg2 Ra1 30. a4 Rb1 31. a5 Nd5 32. Bc5 Rxb3 33. a6 Nb6 34. h4
Kf7 35. Kh3 Rb5 36. Bd4 Rb4 37. Bc5 Ra4 38. g4 Nd5 39. Bxa7 Nc7 40. Be3 Nxa6 41.
h5 Nb4 42. hxg6+ hxg6 43. Kg3 Nc2 44. Bg5 Nd4 45. Be3 Ra3 46. Be4 Ne2+ 47. Kg2
Nc3 48. Bc6 Nd5 49. Bg5 Rc3 50. Bb7 Nf6 51. f3 Nd7 52. Ba6 Ne5 53. Be2 Nc6 54.
Ba6 Rb3 55. Kf2 Nb4 56. Bc4 Rc3 57. Be2 Nd3+ 58. Kg3 e5 59. Bd1 e4 60. fxe4 Nc5+
61. Kg2 Nxe4 62. Bf4 g5 63. Be5 Rc5 64. Bd4 Ra5 65. Kf3 Nf6 66. Bb3+ Kg7 67. Be6
Ra3+ 68. Ke2 Ra4 69. Kd3 Ra3+ 70. Ke2 Ra6 71. Bf5 Kh6 72. Bc5 Ra8 73. Kf3 Nd5
74. Ke4 Nf4 75. Bd6 Re8+ 76. Kd4 Ng6 77. Bc5 Kg7 78. Kd3 Ne5+ 79. Kc3 Kf6 80.
Bd4 Rd8 81. Bc2 Ke6 82. Bf5+ Kd5 83. Be3 Rg8 84. Bc1 Rg7 85. Kd2 Ra7 86. Kd1 Ra1
87. Kc2 Nf3 88. Bc8 Ra7 89. Kd1 Re7 90. Ba3 Re1+ 91. Kc2 Kd4 92. Bc1 Re2+ 93.
Kb3 Nd2+ 94. Kb4 Ne4 95. Bf5 Rc2 96. Ba3 Ke3 97. Kb3 Rc7 98. Bb4 Kf3 99. Ba5
Rb7+ 100. Kc2 Nf2 101. Bd8 Kf4 102. Bc8 Rg7 103. Ba5 Nxg4 104. Bd2+ Kf3 0-1

[Event "French Top 12 2013"]
[Site "Haguenau FRA"]
[Date "2013.06.03"]
[Round "5.8"]
[White "Benmesbah, Natacha"]
[Black "Skripchenko, Almira"]
[Result "0-1"]
[WhiteTitle "WIM"]
[BlackTitle "IM"]
[WhiteElo "2237"]
[BlackElo "2430"]
[WhiteTeam "L'Echiquier Chalonnais"]
[BlackTeam "Clichy-Echecs-92"]
[WhiteFideId "642002"]
[BlackFideId "13900145"]
[EventDate "2013.05.30"]

1. e4 c6 2. d4 d5 3. Nc3 dxe4 4. Nxe4 Nf6 5. Nxf6+ gxf6 6. Nf3 Bg4 7. Be2 e6 8.
Bf4 Nd7 9. c3 Nb6 10. h3 Bh5 11. Qd2 Nd5 12. Bg3 Bd6 13. Bxd6 Qxd6 14. Qh6 Bg6
15. g3 O-O-O 16. c4 Ne7 17. Rd1 Nf5 18. Qd2 h5 19. Bf1 e5 20. d5 e4 21. Nd4 e3
22. fxe3 Nxe3 23. Qxe3 Rhe8 24. Ne6 fxe6 25. Qxa7 Qxg3+ 26. Kd2 exd5 27. Qa8+
Kc7 28. Qa5+ Kb8 29. Qc3 0-1

[Event "French Top 12 2013"]
[Site "Haguenau FRA"]
[Date "2013.06.03"]
[Round "5.1"]
[White "Istratescu, Andrei"]
[Black "Sanikidze, Tornike"]
[Result "1/2-1/2"]
[WhiteTitle "GM"]
[BlackTitle "GM"]
[WhiteElo "2651"]
[BlackElo "2549"]
[WhiteTeam "Marseille Echecs"]
[BlackTeam "C.E. Strasbourg"]
[WhiteFideId "1200372"]
[BlackFideId "13602608"]
[EventDate "2013.05.30"]

1. d4 Nf6 2. Nf3 e6 3. g3 b5 4. Bg2 Bb7 5. O-O c5 6. c3 Be7 7. Bg5 cxd4 8. cxd4
O-O 9. Qd3 a6 10. Nbd2 Nc6 11. a3 h6 12. Bxf6 Bxf6 13. Ne4 d6 14. Nxf6+ Qxf6 15.
e4 Rfc8 16. Rfc1 Ne7 17. Nd2 Rxc1+ 18. Rxc1 Rc8 19. Rc3 Nc6 20. Nb3 Qd8 21. Qd2
Qb6 22. Rc1 Ne7 23. Rxc8+ Bxc8 24. Qa5 Qxa5 25. Nxa5 Kf8 26. f4 Ke8 27. Kf2 Kd7
28. Ke3 Kc7 29. e5 Kb6 30. b4 d5 31. Bf3 Nc6 32. Nxc6 Kxc6 33. h4 Kd7 34. h5 Ke7
35. f5 Bd7 36. Kf4 Bc8 37. g4 Bd7 38. g5 Kf8 39. Bg4 exf5 40. Bxf5 hxg5+ 41.
Kxg5 Bxf5 42. Kxf5 Ke7 43. Kg4 Kd7 44. Kg5 Ke6 45. Kg4 1/2-1/2

[Event "French Top 12 2013"]
[Site "Haguenau FRA"]
[Date "2013.06.03"]
[Round "5.2"]
[White "Rozentalis, Eduardas"]
[Black "Miton, Kamil"]
[Result "1/2-1/2"]
[WhiteTitle "GM"]
[BlackTitle "GM"]
[WhiteElo "2611"]
[BlackElo "2624"]
[WhiteTeam "C.E. Strasbourg"]
[BlackTeam "Marseille Echecs"]
[WhiteFideId "12800023"]
[BlackFideId "1111914"]
[EventDate "2013.05.30"]

1. e4 c5 2. Nf3 Nc6 3. Bb5 e6 4. O-O Nge7 5. d4 cxd4 6. Nxd4 Ng6 7. Be3 Be7 8.
f4 O-O 9. Nc3 a6 10. Bxc6 bxc6 11. Qh5 c5 12. Nf3 f5 13. Ng5 Bxg5 14. fxg5 Qb6
15. exf5 exf5 16. Nd5 Qe6 17. c4 Bb7 18. Bxc5 Rfe8 19. Bd4 Bxd5 20. cxd5 Qxd5
21. Rad1 1/2-1/2

[Event "French Top 12 2013"]
[Site "Haguenau FRA"]
[Date "2013.06.03"]
[Round "5.4"]
[White "Vaisser, Anatoly"]
[Black "Gozzoli, Yannick"]
[Result "1/2-1/2"]
[WhiteTitle "GM"]
[BlackTitle "GM"]
[WhiteElo "2548"]
[BlackElo "2530"]
[WhiteTeam "C.E. Strasbourg"]
[BlackTeam "Marseille Echecs"]
[WhiteFideId "603252"]
[BlackFideId "616915"]
[EventDate "2013.05.30"]

1. d4 Nf6 2. c4 e6 3. Nc3 Bb4 4. e3 O-O 5. Ne2 d5 6. a3 Bd6 7. Ng3 c5 8. dxc5
Bxc5 9. b4 Be7 10. Bb2 dxc4 11. Qc2 a5 12. b5 Nbd7 13. Bxc4 Qc7 14. Be2 b6 15.
Rc1 Qa7 16. O-O Bb7 17. Rfd1 Rac8 18. Qa4 1/2-1/2

[Event "French Top 12 2013"]
[Site "Haguenau FRA"]
[Date "2013.06.03"]
[Round "5.5"]
[White "Delchev, Aleksander"]
[Black "Vitoux, Colomban"]
[Result "1-0"]
[WhiteTitle "GM"]
[BlackTitle "IM"]
[WhiteElo "2622"]
[BlackElo "2388"]
[WhiteTeam "Marseille Echecs"]
[BlackTeam "C.E. Strasbourg"]
[WhiteFideId "2900394"]
[BlackFideId "628549"]
[EventDate "2013.05.30"]

1. d4 Nf6 2. c4 b6 3. Nc3 Bb7 4. f3 d5 5. cxd5 Nxd5 6. Nxd5 Qxd5 7. e4 Qd6 8.
Be3 Qb4+ 9. Qd2 Qxd2+ 10. Kxd2 Nd7 11. Rc1 O-O-O 12. Nh3 h6 13. Bc4 Ne5 14. Bb5
a6 15. Ba4 b5 16. Bb3 e6 17. Ke2 Nc6 18. d5 exd5 19. Bxd5 Ne5 20. Bxb7+ Kxb7 21.
Rhd1 Be7 22. Nf4 Nc4 23. Bd4 Bg5 24. g3 Rhg8 25. b3 Na5 26. Be5 Rxd1 27. Rxd1
Nc6 28. Bc3 Kc8 29. Nd5 Bd8 30. g4 g6 31. Nf6 Bxf6 32. Bxf6 g5 33. Ke3 Re8 34.
h4 gxh4 35. Bxh4 Ne5 36. Bf6 Re6 37. Rd8+ Kb7 38. Bxe5 Rxe5 39. Rd7 Rc5 40. Rxf7
Rc2 41. e5 Rxa2 42. e6 Kc6 43. Rd7 Ra1 44. Kf4 Re1 45. Kf5 Re3 46. f4 Rxb3 47.
Rd8 Re3 48. Kf6 1-0

[Event "French Top 12 2013"]
[Site "Haguenau FRA"]
[Date "2013.06.03"]
[Round "5.6"]
[White "Roos, Louis"]
[Black "Maze, Sebastien"]
[Result "0-1"]
[WhiteTitle "IM"]
[BlackTitle "GM"]
[WhiteElo "2373"]
[BlackElo "2543"]
[WhiteTeam "C.E. Strasbourg"]
[BlackTeam "Marseille Echecs"]
[WhiteFideId "600288"]
[BlackFideId "613762"]
[EventDate "2013.05.30"]

1. Nf3 Nf6 2. d4 g6 3. g3 Bg7 4. Bg2 O-O 5. O-O d6 6. Nc3 Nbd7 7. e4 e5 8. h3 c6
9. a4 a5 10. Be3 exd4 11. Bxd4 Re8 12. Re1 Qc7 13. Nd2 b6 14. Nc4 Re6 15. Nxd6
Rxd6 16. e5 Rxd4 17. Qxd4 Ne8 18. Nb5 cxb5 19. Bxa8 Nxe5 20. Qf4 Be6 21. Rad1
Nc4 22. Qxc7 Nxc7 23. b3 Na3 24. axb5 Bf8 25. Rd8 Naxb5 26. Bc6 Kg7 27. c4 Bb4
28. Red1 Nc3 29. R1d3 Bxh3 30. Rb8 Ne2+ 31. Kh2 Bf5 32. Rdd8 Bc5 33. f4 Nd4 34.
Bd5 Nxd5 35. cxd5 Nb5 36. Rb7 h5 37. Kg2 Nd6 38. Rc7 Ne4 39. Kf3 Nd2+ 40. Kg2
Be4+ 41. Kh2 Nf3+ 42. Kh3 Nd4 43. Kh2 Bf5 44. Ra8 Nb5 45. Rxc5 bxc5 46. Rxa5 Nd4
47. Rxc5 Nxb3 48. Rc7 Nd4 49. Kg1 Nb5 50. Rc6 Bd7 51. Rb6 Kf8 52. f5 gxf5 53.
Rh6 Ke7 54. Kf2 Nc3 55. d6+ Kf8 56. Ke3 Kg7 57. Rxh5 Ne4 58. Rh1 Nxd6 59. Rd1
Nc4+ 60. Kf4 Be6 61. Rd4 Kf6 62. Kf3 Ke5 63. Rh4 Nd2+ 64. Kg2 Bd5+ 65. Kh3 Bf3
66. Rf4 Be4 67. Kh4 Nf3+ 68. Kh5 Kd4 69. Kh6 Ke3 70. Kg7 Kf2 71. g4 Kg3 72. Rxf5
Bxf5 73. Kxf7 Kxg4 74. Kf6 Kf4 75. Kg7 Kg5 76. Kf7 Nd2 77. Kg7 Be6 78. Kh7 Kf6
79. Kh8 Nf3 80. Kh7 Ne5 81. Kh8 Ng6+ 82. Kh7 Ba2 83. Kh6 Bg8 84. Kh5 Ne5 85. Kh4
Kf5 86. Kg3 Ng4 87. Kf3 Bc4 88. Kg3 Kg5 89. Kf3 Bd3 90. Kg3 Be2 91. Kh3 Nf6 92.
Kg3 Ne4+ 93. Kh3 Kh5 94. Kh2 Kh4 95. Kg2 Kg4 96. Kh2 Bf1 97. Kg1 Bh3 98. Kh2 Kh4
99. Kg1 Kg3 100. Kh1 Ng5 0-1

[Event "French Top 12 2013"]
[Site "Haguenau FRA"]
[Date "2013.06.03"]
[Round "5.7"]
[White "Collas, Didier"]
[Black "Roos, Jean-Luc"]
[Result "1/2-1/2"]
[WhiteTitle "IM"]
[BlackTitle "IM"]
[WhiteElo "2394"]
[BlackElo "2256"]
[WhiteTeam "Marseille Echecs"]
[BlackTeam "C.E. Strasbourg"]
[WhiteFideId "602680"]
[BlackFideId "600601"]
[EventDate "2013.05.30"]

1. d4 d5 2. c4 e6 3. Nc3 Nf6 4. Bf4 Be7 5. e3 O-O 6. Nf3 Nbd7 7. a3 dxc4 8. Bxc4
Nb6 9. Bd3 Nfd5 10. Bg3 f5 11. O-O Bd7 12. Qd2 c5 13. Nxd5 Nxd5 14. e4 fxe4 15.
Bxe4 cxd4 16. Qxd4 Qb6 17. Qxb6 axb6 18. Rfd1 Ra4 19. Bxd5 exd5 20. Rxd5 Bc6 21.
Rd4 Rxd4 22. Nxd4 Bf6 23. Nxc6 bxc6 24. Rc1 Bxb2 25. Rxc6 Bxa3 26. Rxb6 Re8 27.
h4 h5 28. Rb5 g6 29. Be5 Be7 30. g3 Kf7 31. f4 Rd8 32. Kf2 Rd3 33. Bb8 Rc3 34.
Ba7 Ke6 35. Be3 Rd3 36. Kf3 Rd5 37. Rb7 Ra5 38. Rc7 Bf6 39. g4 hxg4+ 40. Kxg4
Rh5 41. Bf2 Be7 42. Rc6+ Kf7 43. Ra6 Rd5 44. Rc6 Ke8 1/2-1/2

[Event "French Top 12 2013"]
[Site "Haguenau FRA"]
[Date "2013.06.03"]
[Round "5.8"]
[White "Nicoara, Malina"]
[Black "Malassagne, Isabelle"]
[Result "1-0"]
[WhiteTitle "WIM"]
[WhiteElo "2117"]
[BlackElo "1985"]
[WhiteTeam "C.E. Strasbourg"]
[BlackTeam "Marseille Echecs"]
[WhiteFideId "604631"]
[BlackFideId "20670265"]
[EventDate "2013.05.30"]

1. d4 Nf6 2. c4 g6 3. Nc3 d5 4. Nf3 Bg7 5. Qb3 dxc4 6. Qxc4 O-O 7. e4 a6 8. e5
b5 9. Qb3 Nfd7 10. e6 fxe6 11. Be3 Nb6 12. a4 bxa4 13. Nxa4 Qd5 14. Qc3 Nc6 15.
Nxb6 cxb6 16. Bc4 Qd6 17. O-O Kh8 18. Rfd1 Ra7 19. Rac1 Nb4 20. Bb3 Bb7 21. Ng5
Bd5 22. Bxd5 Nxd5 23. Qc8 Kg8 24. Qxe6+ Qxe6 25. Nxe6 Nxe3 26. fxe3 Bh6 27. Re1
Rf6 28. Rc8+ Kf7 29. d5 Bg7 30. Nd8+ 1-0

[Event "French Top 12 2013"]
[Site "Haguenau FRA"]
[Date "2013.06.04"]
[Round "6.1"]
[White "Postny, Evgeny"]
[Black "Delchev, Aleksander"]
[Result "1-0"]
[WhiteTitle "GM"]
[BlackTitle "GM"]
[WhiteElo "2637"]
[BlackElo "2622"]
[WhiteTeam "Club d'Echecs Metz Fischer"]
[BlackTeam "Marseille Echecs"]
[WhiteFideId "2804344"]
[BlackFideId "2900394"]
[EventDate "2013.05.30"]

1. d4 d6 2. Nf3 g6 3. c4 Bg7 4. Nc3 e5 5. e4 Nc6 6. d5 Nce7 7. Be2 f5 8. exf5
gxf5 9. Ng5 Nf6 10. Bh5+ Kf8 11. Bf7 h6 12. Ne6+ Bxe6 13. Bxe6 Nd7 14. Qh5 Qe8
15. Qh3 Nc5 16. Bxf5 Nxf5 17. Qxf5+ Qf7 18. Qh3 e4 19. O-O Re8 20. Be3 Kg8 21.
Bxc5 dxc5 22. Rae1 Qg6 23. Re2 Kh7 24. Rfe1 Bxc3 25. Qxc3 Rhf8 26. Qg3 Qh5 27.
Qxc7+ 1-0

[Event "French Top 12 2013"]
[Site "Haguenau FRA"]
[Date "2013.06.04"]
[Round "6.2"]
[White "Bacrot, Etienne"]
[Black "Wirig, Anthony"]
[Result "1-0"]
[WhiteTitle "GM"]
[BlackTitle "GM"]
[WhiteElo "2725"]
[BlackElo "2498"]
[WhiteTeam "Marseille Echecs"]
[BlackTeam "Club d'Echecs Metz Fischer"]
[WhiteFideId "605506"]
[BlackFideId "615013"]
[EventDate "2013.05.30"]

1. c4 Nf6 2. Nf3 c6 3. Nc3 d5 4. e3 e6 5. b3 Nbd7 6. Qc2 Bd6 7. Bb2 Qe7 8. Be2
a6 9. d4 dxc4 10. bxc4 c5 11. O-O cxd4 12. exd4 b6 13. a4 O-O 14. a5 b5 15. c5
Bc7 16. c6 Nb8 17. Ne5 b4 18. Ne4 Nd5 19. Rfc1 Ra7 20. Qa4 f6 21. Nd3 Nf4 22.
Nxf4 Bxf4 23. Rc4 Rc7 24. Bc1 Bxc1 25. Raxc1 Rd8 26. Bf3 Kf8 27. h3 h6 28. Nd2
Qd6 29. R1c2 e5 30. d5 Bf5 31. Ne4 Bxe4 32. Bxe4 f5 33. Bxf5 Qxc6 34. dxc6 1-0

[Event "French Top 12 2013"]
[Site "Haguenau FRA"]
[Date "2013.06.04"]
[Round "6.3"]
[White "Svetushkin, Dmitry"]
[Black "Miton, Kamil"]
[Result "1-0"]
[WhiteTitle "GM"]
[BlackTitle "GM"]
[WhiteElo "2588"]
[BlackElo "2624"]
[WhiteTeam "Club d'Echecs Metz Fischer"]
[BlackTeam "Marseille Echecs"]
[WhiteFideId "13900463"]
[BlackFideId "1111914"]
[EventDate "2013.05.30"]

1. e4 c5 2. Nf3 Nc6 3. Bb5 e6 4. Bxc6 bxc6 5. d3 Ne7 6. Qe2 d5 7. b3 Ng6 8. h4
Qc7 9. e5 h5 10. c4 f6 11. Bb2 Be7 12. g3 a5 13. Nc3 Nxe5 14. Nxe5 Qxe5 15. Qxe5
fxe5 16. Na4 Bd6 17. O-O Rf8 18. Rfe1 Rf5 19. Re2 Ra7 20. Rae1 Raf7 21. Bxe5
Bxe5 22. Rxe5 Rxf2 23. Rxh5 Rxa2 24. Rf1 Rxf1+ 25. Kxf1 Kf7 26. Nxc5 e5 27. Rxe5
Kf6 28. Re2 Ra1+ 29. Kf2 Bg4 30. Re1 Ra2+ 31. Ke3 Ke5 32. d4+ Kd6 33. Kf4 Be2
34. Nb7+ Kc7 35. Nxa5 Kb6 36. Ke3 Bh5 37. b4 Ra3+ 38. Kf4 Rd3 39. Re6 Rxd4+ 40.
Kg5 g6 41. Rxc6+ Ka7 42. b5 Kb8 43. Re6 Rg4+ 44. Kh6 dxc4 45. b6 1-0

[Event "French Top 12 2013"]
[Site "Haguenau FRA"]
[Date "2013.06.04"]
[Round "6.4"]
[White "Istratescu, Andrei"]
[Black "Iordachescu, Viorel"]
[Result "1/2-1/2"]
[WhiteTitle "GM"]
[BlackTitle "GM"]
[WhiteElo "2651"]
[BlackElo "2582"]
[WhiteTeam "Marseille Echecs"]
[BlackTeam "Club d'Echecs Metz Fischer"]
[WhiteFideId "1200372"]
[BlackFideId "13900200"]
[EventDate "2013.05.30"]

1. d4 Nf6 2. Nf3 e6 3. g3 b5 4. Bg2 d5 5. O-O Bb7 6. a4 b4 7. a5 c5 8. c3 bxc3
9. Nxc3 Nbd7 10. Qa4 Rc8 11. Ne5 a6 12. e4 dxe4 13. Bg5 h6 14. Bxf6 gxf6 15.
Nxd7 Qxd7 16. Nxe4 Qxa4 17. Rxa4 Rb8 18. Rc1 cxd4 19. Rxd4 Bxe4 20. Bxe4 Bb4 21.
Rc6 Bxa5 22. Rxa6 Bc7 23. Bc6+ Kf8 24. b4 f5 25. Rd7 Bb6 26. b5 Kg7 27. Kg2 Bc5
28. Ra2 Rhd8 29. Rad2 Bb6 30. Kf1 Rbc8 31. Ke2 Rxd7 32. Rxd7 Rc7 33. Rxc7 1/2-1/2

[Event "French Top 12 2013"]
[Site "Haguenau FRA"]
[Date "2013.06.04"]
[Round "6.5"]
[White "Koch, Jean-Rene"]
[Black "Maze, Sebastien"]
[Result "0-1"]
[WhiteTitle "IM"]
[BlackTitle "GM"]
[WhiteElo "2473"]
[BlackElo "2543"]
[WhiteTeam "Club d'Echecs Metz Fischer"]
[BlackTeam "Marseille Echecs"]
[WhiteFideId "600148"]
[BlackFideId "613762"]
[EventDate "2013.05.30"]

1. c4 Nf6 2. g3 g6 3. Bg2 Bg7 4. Nc3 O-O 5. e4 c5 6. d3 Nc6 7. Nge2 Ne8 8. Be3
Nd4 9. O-O Nc7 10. Qd2 d6 11. Bh6 e5 12. Bxg7 Kxg7 13. f4 f6 14. Nxd4 cxd4 15.
Ne2 a5 16. b3 Na6 17. a3 Nc5 18. Rab1 Bd7 19. b4 axb4 20. axb4 Na4 21. h4 h6 22.
Kh2 Qc8 23. f5 g5 24. Bf3 Be8 25. Kg2 Bf7 26. Rh1 Qd7 27. hxg5 hxg5 28. Bh5 Bxh5
29. Rxh5 Rh8 30. Rxh8 Rxh8 31. Rh1 Rxh1 32. Kxh1 Qe8 33. Kg2 Qh5 34. Qc2 Nc3 35.
Nxc3 dxc3 36. Qxc3 Qe2+ 37. Kg1 g4 38. c5 Qe3+ 39. Kg2 Qf3+ 40. Kh2 Qf2+ 41. Kh1
Qf1+ 42. Kh2 Qh3+ 43. Kg1 Qxg3+ 44. Kf1 Qh2 45. d4 exd4 46. Qxd4 g3 47. Qg1 dxc5
48. bxc5 Kh6 49. Qe3+ Kh5 50. Qf3+ Kg5 51. e5 g2+ 52. Qxg2+ Qxg2+ 53. Kxg2 fxe5
54. f6 Kxf6 55. Kf3 Kf5 56. Ke3 e4 57. Kd4 Kf4 0-1

[Event "French Top 12 2013"]
[Site "Haguenau FRA"]
[Date "2013.06.04"]
[Round "6.6"]
[White "Gozzoli, Yannick"]
[Black "Terrieux, Kevin"]
[Result "1/2-1/2"]
[WhiteTitle "GM"]
[BlackTitle "IM"]
[WhiteElo "2530"]
[BlackElo "2427"]
[WhiteTeam "Marseille Echecs"]
[BlackTeam "Club d'Echecs Metz Fischer"]
[WhiteFideId "616915"]
[BlackFideId "622591"]
[EventDate "2013.05.30"]

1. d4 Nf6 2. c4 c5 3. d5 b5 4. Nf3 g6 5. cxb5 a6 6. b6 a5 7. Nc3 Ba6 8. Nd2 Bg7
9. e4 Bxf1 10. Nxf1 d6 11. Ne3 Nbd7 12. O-O O-O 13. a4 Qxb6 14. Rb1 Rfb8 15. b3
Qb4 16. Qc2 Qb7 17. Bd2 Ne8 18. Nc4 Nb6 19. Nb5 Nxc4 20. bxc4 Qd7 21. Rb3 e6 22.
Rfb1 exd5 23. exd5 Be5 24. h3 Ng7 25. f4 Bf6 26. g4 Re8 27. Re1 h5 28. Rxe8+
Rxe8 29. Rg3 Bd4+ 30. Nxd4 cxd4 31. f5 hxg4 32. hxg4 Qe7 33. Qd3 Qh4 34. Qf3 Qf6
35. Rh3 Rb8 36. Qf4 Rb1+ 37. Kf2 Rb2 38. Rd3 Qh4+ 39. Qg3 Qg5 40. Ke1 Qe7+ 41.
Kf2 Qg5 42. Ke1 Qe7+ 43. Kf2 Qg5 1/2-1/2

[Event "French Top 12 2013"]
[Site "Haguenau FRA"]
[Date "2013.06.04"]
[Round "6.7"]
[White "Taddei, Benoit"]
[Black "Collas, Didier"]
[Result "1/2-1/2"]
[WhiteTitle "FM"]
[BlackTitle "IM"]
[WhiteElo "2374"]
[BlackElo "2394"]
[WhiteTeam "Club d'Echecs Metz Fischer"]
[BlackTeam "Marseille Echecs"]
[WhiteFideId "610151"]
[BlackFideId "602680"]
[EventDate "2013.05.30"]

1. e4 e5 2. Nf3 Nc6 3. Bb5 f5 4. Bxc6 dxc6 5. Nc3 Nf6 6. Qe2 Bd6 7. d4 Qe7 8.
dxe5 Bxe5 9. Nxe5 Qxe5 10. exf5 Qxe2+ 11. Nxe2 Bxf5 12. Nd4 Bd7 13. O-O O-O-O
14. Bg5 c5 15. Ne2 Bf5 16. c3 h6 17. Be3 b6 18. Ng3 Bg6 19. Rad1 Ne4 20. Rxd8+
Rxd8 21. Nxe4 Bxe4 22. f3 Bd5 23. a3 Bc4 24. Re1 Re8 25. Kf2 h5 26. h4 Bd3 27.
Bf4 Rxe1 28. Kxe1 g6 29. Kf2 Kd7 30. Ke3 Bf1 31. g3 c6 32. Bb8 a5 33. Kf4 Ke6
34. Bc7 b5 35. Bxa5 c4 36. Bb6 Be2 37. Bc5 Bd1 38. Bd4 Be2 39. Be3 Bd1 40. Bf2
Be2 41. g4 hxg4 42. fxg4 Bd3 43. Ke3 Bc2 44. Kd4 Bd1 45. Kc5 Kd7 46. g5 Bc2 47.
Bg3 Bd1 48. Be5 Bc2 49. Bf6 Bd1 50. b3 Bxb3 51. Bd4 Bd1 52. Bf6 Bf3 53. Bd4 Ke6
54. Kb4 Kd5 55. Bf2 Bd1 56. Bd4 Bc2 1/2-1/2